Представление документа в формате MARC21

ПолеНазваниеЗначение
  Тип записи a
  Библиографический уровень m
001 Контрольный номер RU/URAIT/583368
005 Дата корректировки 20260429163644.6
008 Кодируемые данные 260429s2026 RU y f j 000 0 rus u
020 Индекс ISBN __
a ISBN 978-5-534-02637-5
c Цена, тираж 1889.00
040 Источник каталогиз. __
a Служба первич. каталог. ИКО Юрайт
c Служба, преобразующая запись ИКО Юрайт
e Правила каталог. RCR
041 Код языка издания __
a Код языка текста rus
044 Код страны публикации __
a Код страны публикации RU
080 Индекс УДК __
a Индекс УДК 168(075.8)
084 Индекс другой классификации/Индекс ББК __
2 Источник индекса rubbk
a Индекс другой классификации/Индекс ББК 87я73
100 Автор __
a Автор Ушаков Е. В.
q Полное имя Ушаков Евгений Владимирович
245 Заглавие __
a Заглавие Философия и методология науки
b Продолж. заглавия учебник и практикум для вузов
c Ответственность Е. В. Ушаков.
256 Характеристики компьютерного файла __
a Характеристики компьютерного файла Электрон. дан.
260 Выходные данные __
a Место издания Москва
b Издательство Юрайт
c Дата издания 2026
300 Физическое описание __
a Объем 359 с
440 Серия __
a Серия Высшее образование
500 Примечания __
a Примечание URL: https://urait.ru/bcode/583368 (дата обращения: 29.04.2026).
520 Аннотация __
a Аннотация Главная цель настоящего учебника — помочь студентам, обучающимся по гуманитарным и естественно-научным направлениям и специальностям, овладеть знаниями в области философии и методологии науки. В учебнике в доступной для понимания форме изложены такие темы современной философии науки, как логико-методологический анализ научного познания, особенности социогуманитарных наук, наука и глобально-цивилизационные процессы, этика науки, наука как социальный институт и взаимоотношения науки с другими социальными сферами, история науки, наука и культура. Практикум, представленный в учебнике, призван помочь учащимся лучше понять философско-методологические проблемы науки на конкретных примерах и задачах. Настоящее издание будет, несомненно, полезно не только студентам, аспирантам, но и преподавателям философии, ученым, а также всем, кто интересуется проблемами науки и ее ролью в современной жизни.
538 Прим. о системных особенностях __
a Прим. о системных особенностях Режим доступа: Электронно-библиотечная система Юрайт, для авториз. пользователей
653 Ключевые слова __
a Ключевые слова Философия
653 Ключевые слова __
a Ключевые слова Общественные науки
653 Ключевые слова __
a Ключевые слова Философия и методология науки
653 Ключевые слова __
a Ключевые слова История и методология науки
653 Ключевые слова __
a Ключевые слова Методология научного творчества
653 Ключевые слова __
a Ключевые слова Организация научных исследований
653 Ключевые слова __
a Ключевые слова Философские вопросы технических наук
653 Ключевые слова __
a Ключевые слова Логика и методология науки
653 Ключевые слова __
a Ключевые слова Основы научно-методической деятельности
653 Ключевые слова __
a Ключевые слова История и методология социологии
653 Ключевые слова __
a Ключевые слова Методология научных исследований
653 Ключевые слова __
a Ключевые слова Философские вопросы естественных и технических наук
653 Ключевые слова __
a Ключевые слова Современные проблемы и методология науки
653 Ключевые слова __
a Ключевые слова Методы и средства научных исследований
653 Ключевые слова __
a Ключевые слова Методика научных исследований
653 Ключевые слова __
a Ключевые слова История и философия науки
653 Ключевые слова __
a Ключевые слова Методы научных исследований
653 Ключевые слова __
a Ключевые слова Методика научно-исследовательской работы
653 Ключевые слова __
a Ключевые слова Философия и методология научного знания
653 Ключевые слова __
a Ключевые слова Философия технических наук
653 Ключевые слова __
a Ключевые слова Методология и методика научных исследований
653 Ключевые слова __
a Ключевые слова Методология и методы организации научного исследования
653 Ключевые слова __
a Ключевые слова Методология научного исследования
653 Ключевые слова __
a Ключевые слова Методология научного познания
653 Ключевые слова __
a Ключевые слова Основы научных исследований
653 Ключевые слова __
a Ключевые слова Основы организации научно-исследовательской работы
653 Ключевые слова __
a Ключевые слова История и методология науки и производства
653 Ключевые слова __
a Ключевые слова Современная философия и методология науки
653 Ключевые слова __
a Ключевые слова Методология и методы научного исследования
653 Ключевые слова __
a Ключевые слова Основы исследовательской деятельности
653 Ключевые слова __
a Ключевые слова Организация научно-исследовательской работы
653 Ключевые слова __
a Ключевые слова Основы методологии научного исследования
653 Ключевые слова __
a Ключевые слова Основы научной деятельности студента
653 Ключевые слова __
a Ключевые слова Философско-методологические проблемы экономической науки
653 Ключевые слова __
a Ключевые слова Введение в методологию научного исследования
653 Ключевые слова __
a Ключевые слова Основы научно-исследовательской работы студентов
653 Ключевые слова __
a Ключевые слова Научно-исследовательская работа
653 Ключевые слова __
a Ключевые слова История и философия научного познания
653 Ключевые слова __
a Ключевые слова Основы научной деятельности
653 Ключевые слова __
a Ключевые слова Методология и методика научного исследования
653 Ключевые слова __
a Ключевые слова Основы научно-исследовательской деятельности
653 Ключевые слова __
a Ключевые слова Основы научного исследования
653 Ключевые слова __
a Ключевые слова НИР: научно-исследовательская работа
653 Ключевые слова __
a Ключевые слова Философия и методология наук
653 Ключевые слова __
a Ключевые слова Основы методологии научных исследований
653 Ключевые слова __
a Ключевые слова Основы научно-исследовательской работы
653 Ключевые слова __
a Ключевые слова Методика научно-исследовательской работы студентов
653 Ключевые слова __
a Ключевые слова Организация научно-исследовательской деятельности
653 Ключевые слова __
a Ключевые слова Основы организации научных исследований
653 Ключевые слова __
a Ключевые слова Научно-исследовательская деятельность
653 Ключевые слова __
a Ключевые слова Методы и методология научного исследования
653 Ключевые слова __
a Ключевые слова Организация и методология научных исследований
653 Ключевые слова __
a Ключевые слова Научные исследования
653 Ключевые слова __
a Ключевые слова Философия и методология научных исследований
653 Ключевые слова __
a Ключевые слова Теория и методология научного исследования
653 Ключевые слова __
a Ключевые слова Организация и методология научного исследования
653 Ключевые слова __
a Ключевые слова Философия и методология научных
653 Ключевые слова __
a Ключевые слова Вид деятельности: научно-исследовательская
653 Ключевые слова __
a Ключевые слова Основы философии и методологии науки
653 Ключевые слова __
a Ключевые слова Представление результатов научной деятельности
653 Ключевые слова __
a Ключевые слова Представление научных результатов
653 Ключевые слова __
a Ключевые слова Представление результатов научных исследований
653 Ключевые слова __
a Ключевые слова Методология и история науки
653 Ключевые слова __
a Ключевые слова Методология и организация научных исследований
653 Ключевые слова __
a Ключевые слова Методика и методология научного исследования
653 Ключевые слова __
a Ключевые слова Теория и методика научных исследований
653 Ключевые слова __
a Ключевые слова Основы представления научных результатов
653 Ключевые слова __
a Ключевые слова Методология и Организация научного исследования
653 Ключевые слова __
a Ключевые слова Философия, логика и методология науки
653 Ключевые слова __
a Ключевые слова Основы методики научных исследований
653 Ключевые слова __
a Ключевые слова Методы прикладных социологических исследований
653 Ключевые слова __
a Ключевые слова Теория и методология научного проекта
653 Ключевые слова __
a Ключевые слова Основа научных исследований
653 Ключевые слова __
a Ключевые слова Основы НИР
653 Ключевые слова __
a Ключевые слова Методология научно-исследовательской деятельности
653 Ключевые слова __
a Ключевые слова Введение в научную деятельность
653 Ключевые слова __
a Ключевые слова Философия и методология современной науки
653 Ключевые слова __
a Ключевые слова Философия и методология научно-исследовательской деятельности
653 Ключевые слова __
a Ключевые слова Введение в научно-исследовательскую деятельность
653 Ключевые слова __
a Ключевые слова История и методология науки и современные проблемы в научной отрасли
653 Ключевые слова __
a Ключевые слова Научно-исследовательская работа (НИР)
653 Ключевые слова __
a Ключевые слова НИР
653 Ключевые слова __
a Ключевые слова Основные методы научных исследований
653 Ключевые слова __
a Ключевые слова Введение в философию и методологию науки
653 Ключевые слова __
a Ключевые слова Методология науки и производства
653 Ключевые слова __
a Ключевые слова Философия и методология технических наук
653 Ключевые слова __
a Ключевые слова Философия и история науки
653 Ключевые слова __
a Ключевые слова История и методология социогуманитарного научного знания
653 Ключевые слова __
a Ключевые слова Основы исследовательской деятельности в профессиональной сфере
653 Ключевые слова __
a Ключевые слова Организация и методика научных исследований
653 Ключевые слова __
a Ключевые слова История и методология социологических исследований
653 Ключевые слова __
a Ключевые слова Методология науки и инновационная деятельность
653 Ключевые слова __
a Ключевые слова Философско-методологические проблемы науки, техники и технологии
856 Электронный адрес документа 40
n Местонахождение сервера Юрайт
g Электронная книга
q Тип электронного формата html
h Имя пользователя ЮРАЙТ
v Часы доступа к ресурсу 20271231
2 Способ доступа Показать документ
x Служебное примечание https://urait.ru/book/cover/8C3CEACF-0E78-4550-A315-4A95CF0BB9F0
u URL https://urait.ru/bcode/583368
856 Электронный адрес документа 48
q Тип электронного формата cover
u URL https://urait.ru/book/cover/8C3CEACF-0E78-4550-A315-4A95CF0BB9F0
911 __
u 0030=https://urait.ru/bcode/583368
911 __
u 073a=9785534026375
u 073d=1889.00
911 __
u 106a=s
911 __
u 900l=
952 Тип литературы __
i Дисциплина Философия и методология науки
952 Тип литературы __
i Дисциплина История и методология науки
952 Тип литературы __
i Дисциплина Методология научного творчества
952 Тип литературы __
i Дисциплина Организация научных исследований
952 Тип литературы __
i Дисциплина Философские вопросы технических наук
952 Тип литературы __
i Дисциплина Логика и методология науки
952 Тип литературы __
i Дисциплина Основы научно-методической деятельности
952 Тип литературы __
i Дисциплина История и методология социологии
952 Тип литературы __
i Дисциплина Методология научных исследований
952 Тип литературы __
i Дисциплина Философские вопросы естественных и технических наук
952 Тип литературы __
i Дисциплина Современные проблемы и методология науки
952 Тип литературы __
i Дисциплина Методы и средства научных исследований
952 Тип литературы __
i Дисциплина Методика научных исследований
952 Тип литературы __
i Дисциплина История и философия науки
952 Тип литературы __
i Дисциплина Методы научных исследований
952 Тип литературы __
i Дисциплина Методика научно-исследовательской работы
952 Тип литературы __
i Дисциплина Философия и методология научного знания
952 Тип литературы __
i Дисциплина Философия технических наук
952 Тип литературы __
i Дисциплина Методология и методика научных исследований
952 Тип литературы __
i Дисциплина Методология и методы организации научного исследования
952 Тип литературы __
i Дисциплина Методология научного исследования
952 Тип литературы __
i Дисциплина Методология научного познания
952 Тип литературы __
i Дисциплина Основы научных исследований
952 Тип литературы __
i Дисциплина Основы организации научно-исследовательской работы
952 Тип литературы __
i Дисциплина История и методология науки и производства
952 Тип литературы __
i Дисциплина Современная философия и методология науки
952 Тип литературы __
i Дисциплина Методология и методы научного исследования
952 Тип литературы __
i Дисциплина Основы исследовательской деятельности
952 Тип литературы __
i Дисциплина Организация научно-исследовательской работы
952 Тип литературы __
i Дисциплина Основы методологии научного исследования
952 Тип литературы __
i Дисциплина Основы научной деятельности студента
952 Тип литературы __
i Дисциплина Философско-методологические проблемы экономической науки
952 Тип литературы __
i Дисциплина Введение в методологию научного исследования
952 Тип литературы __
i Дисциплина Основы научно-исследовательской работы студентов
952 Тип литературы __
i Дисциплина Научно-исследовательская работа
952 Тип литературы __
i Дисциплина История и философия научного познания
952 Тип литературы __
i Дисциплина Основы научной деятельности
952 Тип литературы __
i Дисциплина Методология и методика научного исследования
952 Тип литературы __
i Дисциплина Основы научно-исследовательской деятельности
952 Тип литературы __
i Дисциплина Основы научного исследования
952 Тип литературы __
i Дисциплина НИР: научно-исследовательская работа
952 Тип литературы __
i Дисциплина Философия и методология наук
952 Тип литературы __
i Дисциплина Основы методологии научных исследований
952 Тип литературы __
i Дисциплина Основы научно-исследовательской работы
952 Тип литературы __
i Дисциплина Методика научно-исследовательской работы студентов
952 Тип литературы __
i Дисциплина Организация научно-исследовательской деятельности
952 Тип литературы __
i Дисциплина Основы организации научных исследований
952 Тип литературы __
i Дисциплина Научно-исследовательская деятельность
952 Тип литературы __
i Дисциплина Методы и методология научного исследования
952 Тип литературы __
i Дисциплина Организация и методология научных исследований
952 Тип литературы __
i Дисциплина Научные исследования
952 Тип литературы __
i Дисциплина Философия и методология научных исследований
952 Тип литературы __
i Дисциплина Теория и методология научного исследования
952 Тип литературы __
i Дисциплина Организация и методология научного исследования
952 Тип литературы __
i Дисциплина Философия и методология научных
952 Тип литературы __
i Дисциплина Вид деятельности: научно-исследовательская
952 Тип литературы __
i Дисциплина Основы философии и методологии науки
952 Тип литературы __
i Дисциплина Представление результатов научной деятельности
952 Тип литературы __
i Дисциплина Представление научных результатов
952 Тип литературы __
i Дисциплина Представление результатов научных исследований
952 Тип литературы __
i Дисциплина Методология и история науки
952 Тип литературы __
i Дисциплина Методология и организация научных исследований
952 Тип литературы __
i Дисциплина Методика и методология научного исследования
952 Тип литературы __
i Дисциплина Теория и методика научных исследований
952 Тип литературы __
i Дисциплина Основы представления научных результатов
952 Тип литературы __
i Дисциплина Методология и Организация научного исследования
952 Тип литературы __
i Дисциплина Философия, логика и методология науки
952 Тип литературы __
i Дисциплина Основы методики научных исследований
952 Тип литературы __
i Дисциплина Методы прикладных социологических исследований
952 Тип литературы __
i Дисциплина Теория и методология научного проекта
952 Тип литературы __
i Дисциплина Основа научных исследований
952 Тип литературы __
i Дисциплина Основы НИР
952 Тип литературы __
i Дисциплина Методология научно-исследовательской деятельности
952 Тип литературы __
i Дисциплина Введение в научную деятельность
952 Тип литературы __
i Дисциплина Философия и методология современной науки
952 Тип литературы __
i Дисциплина Философия и методология научно-исследовательской деятельности
952 Тип литературы __
i Дисциплина Введение в научно-исследовательскую деятельность
952 Тип литературы __
i Дисциплина История и методология науки и современные проблемы в научной отрасли
952 Тип литературы __
i Дисциплина Научно-исследовательская работа (НИР)
952 Тип литературы __
i Дисциплина НИР
952 Тип литературы __
i Дисциплина Основные методы научных исследований
952 Тип литературы __
i Дисциплина Введение в философию и методологию науки
952 Тип литературы __
i Дисциплина Методология науки и производства
952 Тип литературы __
i Дисциплина Философия и методология технических наук
952 Тип литературы __
i Дисциплина Философия и история науки
952 Тип литературы __
i Дисциплина История и методология социогуманитарного научного знания
952 Тип литературы __
i Дисциплина Основы исследовательской деятельности в профессиональной сфере
952 Тип литературы __
i Дисциплина Организация и методика научных исследований
952 Тип литературы __
i Дисциплина История и методология социологических исследований
952 Тип литературы __
i Дисциплина Методология науки и инновационная деятельность
952 Тип литературы __
i Дисциплина Философско-методологические проблемы науки, техники и технологии